Rozvoj miestnych spoločenstiev. Riešenie problémov bytovej politiky v trhovom hospodárstve. 2.
Súkromné inštitúcie (stavebné firmy, developer - zveľaďovateľ). Náboženské a charitatívne inštitúcie, výstavba sociálnych bytov. Verejný sektor, bytová politika a verejno-súkromné združenia. Ich spolupráca a združovanie prostriedkov, dotácií regiónu, miest, štátu.
Salvato in:
| Autore principale: | |
|---|---|
| Altri autori: | |
| Natura: | Capitolo di libro |
| Lingua: | slovacco |
| Soggetti: | |
| Tags: |
Nessun Tag, puoi essere il primo ad aggiungerne!!
|
MARC
| LEADER | 00000naa a2200000 4500 | ||
|---|---|---|---|
| 001 | r012513 | ||
| 005 | 20220826094307.8 | ||
| 041 | 0 | |a slo | |
| 044 | |a SK | ||
| 245 | 1 | 0 | |a Rozvoj miestnych spoločenstiev. |b Riešenie problémov bytovej politiky v trhovom hospodárstve. 2. |c K. Ivanička, M. Ivaničková |
| 520 | |a Súkromné inštitúcie (stavebné firmy, developer - zveľaďovateľ). Náboženské a charitatívne inštitúcie, výstavba sociálnych bytov. Verejný sektor, bytová politika a verejno-súkromné združenia. Ich spolupráca a združovanie prostriedkov, dotácií regiónu, miest, štátu. | ||
| 610 | 2 | 0 | |a byty |
| 610 | 2 | 0 | |a politika bytová |
| 610 | 2 | 0 | |a sektor verejný |
| 610 | 2 | 0 | |a sektor súkromný |
| 610 | 2 | 0 | |a dotácie |
| 610 | 2 | 0 | |a združovanie prostriedkov |
| 610 | 2 | 0 | |a združenia |
| 100 | 1 | |a Ivanička, Koloman | |
| 700 | 1 | |a Ivaničková, M. | |